000
00276nam a22001337a 4500
008
170313b xxu||||| |||| 00| 0 eng d
020
_a
9780760780527
041
_a
eng
080
_a
591
100
_a
7
101
_a
SHM
245
_a
SHOOTING
_c
PEZZENTI.J
942
_2
udc
_c
BK
999
_c
7637
_d
7637